Der Boxer : Roman /

Bibliographic Details
Main Author: Becker, Jurek, 1937-1997
Format: Book
Language:German
Published: Frankfurt am Main : Suhrkamp, 1976.
Edition:1. Aufl.

MARC

Tag First Indicator Second Indicator Subfields
LEADER 00000cam a2200000 i 4500
001 in00000042634
005 20151007074809.0
008 790125s1976 gw 00011 ger d
035 |a (OCoLC)04584847 
035 |9 AAF2113AM 
040 |a CUI  |c CUI  |d TXA  |d UtOrBLW 
049 |a TXAM  |c [1421161] 
090 |a PT2662.E294  |b B68 1976a 
100 1 |a Becker, Jurek,  |d 1937-1997. 
245 1 4 |a Der Boxer :  |b Roman /  |c Jurek Becker. 
250 |a 1. Aufl. 
264 1 |a Frankfurt am Main :  |b Suhrkamp,  |c 1976. 
300 |a 303 pages ;  |c 20 cm. 
336 |a text  |b txt  |2 rdacontent 
337 |a unmediated  |b n  |2 rdamedia 
338 |a volume  |b nc  |2 rdacarrier 
999 |a MARS 
999 f f |s 0745b8d7-515d-3c35-b8a4-06e927a99dc4  |i 00a6d6cd-c815-3b2a-911a-3c58c0ad3c25  |t 0 
952 f f |p normal  |a Texas A&M University  |b College Station  |c Sterling C. Evans Library  |d Evans: Library Stacks  |t 0  |e PT2662.E294 B68 1976a  |h Library of Congress classification  |i unmediated -- volume  |m A14804177408 
998 f f |a PT2662.E294 B68 1976a  |t 0  |l Evans: Library Stacks